000 01107cam a22003253a 4500
001 2275
003 FISKH
005 20250911110506.0
008 060426s2006 nyua j 000 1 eng d
010 _a 2006275038
020 _a0439829623 (pbk.)
020 _a9780439829625
040 _aHT#
_cHT#
_dBAKER
_dDLC
_beng
050 0 0 _aMLCS 2006/44369
082 0 4 _a654
_222
100 1 _aWilgus, Alison
245 1 0 _aSooper secrets and boomerang bloopers /
_cby Alison Wilgus.
246 3 0 _aKND codename: kids next door sooper secrets and boomerang bloopers
260 _aNew York :
_bScholastic,
_c2006.
300 _a61 pages :
_billustrations ;
_c20 cm
500 _a"Based on "Codename: Kids next door" as created by Mr. Warburton."
505 _aO
520 _aA guide to the best and worst schemes in the kids next door history and the top ten capers ever.
521 0 _a610
_bLexile
521 1 _aO
_bRaz-Plus
650 0 _aCartoon characters
_vJuvenile fiction.
700 1 _aWarburton, Mr.
_eCreator
906 _a7
_bcbc
_ccopycat
_d2
_encip
_f20
_gy-gencatlg
942 _2ddc
_cBK
_n0
999 _c2275
_d2275